Verbundene Länder auf der Weltkarte - Statistiken

Allgemein
  • Dieses Quiz wurde 292 mal gespielt
    275 seit der letzten Aktualisierung
  • Das Durchschnittsergebnis liegt bei 16 aus 20
Antworten auf der Karte
Die Antworten werden auf der Karte rot bzw. grün angezeigt, abhängig davon wie oft sie richtig erraten wurden.
 
Antwortstatistiken
Verbundene Länder % Korrekt
Vereinigte Staaten
97%
Frankreich
94%
Spanien
91%
Kanada
89%
Ägypten
88%
Polen
88%
Chile
85%
Libyen
85%
Weißrussland
85%
Angola
83%
Argentinien
83%
Iran
79%
Irak
77%
Sambia
73%
Kolumbien
71%
Ecuador
69%
Laos
66%
Vietnam
63%
Indien
62%
Nepal
60%
Keine übereinstimmenden Quizze gefunden
Verteilung der Resultate
Anzahl Personen mit jedem Resultat
Perzentil nach korrekt beantworteten Fragen
Ihre Resultats-Entwicklung
Sie haben dieses Quiz seit der letzten Aktualisierung nicht gespielt